| 000 | 00945nam a22000977a 4500 | ||
|---|---|---|---|
| 008 | 160425b xxu||||| |||| 00| 0 eng d | ||
| 100 | _aArnholtz, Svend | ||
| 245 | _aDanske poststempler fra frimaerketiden. 1. del : Haandbog og katalog | ||
| 260 |
_aKopenhavn, Denmark _bKobenhavns Philatelist Klub _c1953 |
||
| 650 | _aDenmark | Postal Markings | 19th Century | 20th Century | Postal History | Post Offices | Railway Mail | Mobile Post Offices | Postal Routes | Letter Offices | Post Collection Offices | Military Mail | Shipping Companies and Packet Service | Maritime Mail | K.D.O.P.A. (Hamburg) | K.DAN.O.P.A. (Hamburg) | Royal Danish Post Office (Hamburg) | K.D.O.P.A. (Lubeck) | Royal Danish Post Office (Lubeck) | Germany -- Hamburg (1859-1868) | Germany -- Lubeck (1859-1868) | Germany -- Schleswig-Holstein (1850-1868) | German States | Copenhagen | Faroe Islands | Danish Colonies | Scandinavia Europe | Catalogs and Price Lists | Bibliographies | ||
| 999 |
_c1934 _d1934 |
||